NBA top 20 Under 25 - Statistics

General Stats
  • This quiz has been taken 74 times
  • The average score is 17 of 20
Answer Stats
# Team Answer % Correct
1 Mavericks Luka Doncic
100%
3 Celtics Jayson Tatum
97%
7 Suns Devin Booker
93%
2 Timberwolves Karl-Anthony Towns
93%
6 Hawks Trae Young
93%
8 Nuggets Jamal Murray
92%
11 Grizzlies Ja Morant
90%
5 Jazz Donovan Mitchell
88%
14 Celtics Jaylen Brown
87%
16 Pelicans Zion Williamson
85%
4 76ers Ben Simmons
83%
15 Thunder Shai Gilgeous-Alexander
82%
10 Heat Bam Adebayo
80%
9 Pelicans Brandon Ingram
80%
17 Kings De'Aaron Fox
78%
19 Grizzlies Jaren Jackson Jr.
73%
13 Mavericks Kristaps Porzingis
72%
12 Pacers Domantas Sabonis
68%
20 Hawks John Collins
68%
18 Timberwolves D'Angelo Russell
62%
No matching quizzes found
Score Distribution
Percent of People with Each Score
Percentile by Number Answered
Your Score History
You have not taken this quiz